000 00240nam a2200109Ia 4500
999 _c6549
_d6549
020 _a9780442020583
100 _aDaniel S.Janal
245 0 _aOnline Marketing handbook
260 _aNew Jersey
_bThomson
_c1995
300 _a370
942 _cBK